[Event "Karl Mala Memorial op 08th"]
[Site "Frankfurt"]
[Date "2004.07.23"]
[Round "3"]
[White "Steinkohl, Thomas"]
[Black "Karpatchev, Aleksandr"]
[Result "1-0"]
[WhiteElo "2158"]
[BlackElo "2480"]
[PlyCount "79"]
[EventDate "2004.07.22"]
[EventType "swiss"]
[EventRounds "7"]
[EventCountry "GER"]
[SourceTitle "EXT 2005"]
[Source "ChessBase"]
[SourceDate "2004.11.15"]
[SourceVersion "1"]
[SourceVersionDate "2004.11.15"]
[SourceQuality "1"]

1. e4 e5 2. Nf3 Nc6 3. Bb5 a6 4. Ba4 Nf6 5. 0-0 Be7 6. Re1 b5 7. Bb3 d6 8. c3 0-0 9. h3 Na5 10. Bc2 c5 11. d4 Nd7 12. b3 cxd4 13. cxd4 Nc6 14. Nc3 exd4 15. Nd5 Nde5 16. Nxd4 Nxd4 17. Qxd4 Bxh3 18. f4 Nc6 19. Qc3 Bd7 20. Bb2 f6 21. Qd3 g6 22. b4 Be6 23. Bb3 Kg7 24. Rac1 Bxd5 25. exd5 Nb8 26. Qh3 Ra7 27. Rc3 Qb6+ 28. Kf1 Qd4 29. Qh4 g5 30. Qxh7+ Kxh7 31. Rh3+ Kg6 32. Bxd4 Rc7 33. Bb6 Rb7 34. Bc2+ f5 35. Re6+ Bf6 36. Be3 Rc7 37. fxg5 Rxc2 38. Rh6+ Kg7 39. gxf6+ Kg8 40. Rg6+ 1-0

[Event "Rheinhessen-ch MT1"]
[Site "Rheinhessen"]
[Date "2000.??.??"]
[Round "3"]
[White "Steinkohl, Thomas"]
[Black "Boos, Patrick"]
[Result "1-0"]
[WhiteElo "2330"]
[BlackElo "2008"]
[PlyCount "35"]
[EventDate "2000.??.??"]
[EventType "tourn"]
[EventRounds "7"]
[EventCountry "GER"]
[SourceTitle "EXT 2002"]
[Source "ChessBase"]
[SourceDate "2001.11.25"]
[SourceVersion "1"]
[SourceVersionDate "2001.11.25"]
[SourceQuality "1"]

1. e4 e6 2. d4 d5 3. Nc3 Bb4 4. exd5 exd5 5. a3 Be7 6. Bd3 Nc6 7. Nge2 Bg4 8. f3 Bh5 9. Nf4 Bg6 10. Ncxd5 Nf6 11. Nxf6+ Bxf6 12. c3 Qd6 13. 0-0 0-0-0 14. Be4 Be5 15. g3 Rhe8 16. Be3 Bxe4 17. fxe4 Qe7 18. Qg4+ 1-0

[Event "Rheinhessen-ch MT1"]
[Site "Rheinhessen"]
[Date "2000.??.??"]
[Round "2"]
[White "Steinkohl, Thomas"]
[Black "Lantzsch, Christian"]
[Result "1-0"]
[WhiteElo "2330"]
[BlackElo "2069"]
[PlyCount "133"]
[EventDate "2000.??.??"]
[EventType "tourn"]
[EventRounds "7"]
[EventCountry "GER"]
[SourceTitle "EXT 2002"]
[Source "ChessBase"]
[SourceDate "2001.11.25"]
[SourceVersion "1"]
[SourceVersionDate "2001.11.25"]
[SourceQuality "1"]

1. e4 c5 2. Nf3 e6 3. d4 cxd4 4. Nxd4 a6 5. Bd3 Nc6 6. Be3 Qc7 7. 0-0 Nf6 8. Nc3 Bb4 9. f4 Bxc3 10. bxc3 d6 11. Rb1 Bd7 12. Qf3 0-0 13. Qg3 Kh8 14. Qh4 Nxd4 15. cxd4 Ne8 16. Rf3 f5 17. c4 b5 18. exf5 exf5 19. Qe7 Kg8 20. c5 Rf7 21. Qh4 d5 22. Rh3 g6 23. Bd2 Nf6 24. Rc1 Ne4 25. Qe1 Re8 26. Re3 Bc6 27. g3 Rfe7 28. Ba5 Qd7 29. Rc2 Nxc5 30. Rxe7 Rxe7 31. Be2 Ne4 32. Qc1 Re6 33. a4 Nf6 34. axb5 axb5 35. Bb4 Ne8 36. Ra2 Bb7 37. Qc5 Qd6 38. Qxb5 Qc6 39. Qxc6 Rxc6 40. Bc5 Rc7 41. Kf2 Bc6 42. Ra6 Kf7 43. Ke3 Bd7 44. Kd2 Nf6 45. Kc3 Rb7 46. Bb6 Bc8 47. Kb4 Rb8 48. Ra7+ Rb7 49. Rxb7+ Bxb7 50. Kb5 Ke6 51. Bd8 Ne4 52. Kb6 Bc8 53. g4 Bd7 54. g5 Ba4 55. Bc7 Bc2 56. Be5 Nf2 57. Ba6 Ba4 58. h4 Ng4 59. Kc5 Nxe5 60. dxe5 Bb3 61. Be2 Ba4 62. h5 Bb3 63. h6 Ba4 64. Bb5 Bb3 65. Be8 Bc2 66. Bxg6 d4 67. Kxd4 1-0

[Event "Hassloch op-A"]
[Site "Hassloch"]
[Date "1999.??.??"]
[Round "4"]
[White "Steinkohl, Thomas"]
[Black "Hirschinger, Thomas"]
[Result "0-1"]
[WhiteElo "2330"]
[BlackElo "2105"]
[PlyCount "80"]
[EventDate "1999.05.??"]
[EventType "swiss"]
[EventRounds "7"]
[EventCountry "GER"]
[SourceTitle "EXT 2001"]
[Source "ChessBase"]
[SourceDate "2000.11.22"]
[SourceVersion "1"]
[SourceVersionDate "2000.11.22"]
[SourceQuality "1"]

1. e4 e5 2. Nf3 Nf6 3. Nc3 d6 4. d4 Nbd7 5. Bc4 Be7 6. 0-0 0-0 7. Re1 c6 8. a4 Qc7 9. h3 h6 10. Nh4 Re8 11. Nf5 Bf8 12. Bb3 exd4 13. Qxd4 d5 14. Bxh6 gxh6 15. exd5 Ne5 16. d6 Qd7 17. Rxe5 Rxe5 18. Nxh6+ Bxh6 19. Qxe5 Qf5 20. Qe7 Nd7 21. Re1 Nf8 22. Re5 Qg6 23. h4 Bf4 24. h5 Qg7 25. h6 Bxh6 26. Ne4 Be6 27. Nf6+ Kh8 28. Rh5 Ng6 29. Qxb7 Rf8 30. Bxe6 Qxf6 31. Bc4 Kg7 32. Rh3 Qxd6 33. Rf3 Qd1+ 34. Bf1 Qxc2 35. b4 Qxa4 36. g3 Bd2 37. Rf5 Bxb4 38. Bc4 Be7 39. Bb3 Qe4 40. Rh5 Qf3 0-1

[Event "Rheinhessen-ch M1"]
[Site "Mainz"]
[Date "1997.??.??"]
[Round "7"]
[White "Steinkohl, Thomas"]
[Black "Fassnacht, Peter"]
[Result "1-0"]
[WhiteElo "2300"]
[BlackElo "2285"]
[PlyCount "47"]
[EventDate "1997.03.21"]
[EventType "tourn"]
[EventRounds "9"]
[EventCountry "GER"]
[SourceTitle "EXT 2000"]
[Source "ChessBase"]
[SourceDate "1999.11.16"]
[SourceVersion "1"]
[SourceVersionDate "1999.11.16"]
[SourceQuality "1"]

1. e4 e5 2. Nf3 Nc6 3. Bb5 a6 4. Ba4 Nf6 5. 0-0 b5 6. Bb3 Be7 7. Nc3 d6 8. a4 b4 9. Nd5 Bg4 10. Nxf6+ gxf6 11. c3 Rb8 12. a5 Qd7 13. Ba4 Rg8 14. d4 exd4 15. c4 Kd8 16. Bf4 f5 17. Re1 fxe4 18. Rxe4 d5 19. cxd5 Qf5 20. Qd3 Bd6 21. Bxc6 Bxf4 22. Rae1 Be3 23. R4xe3 dxe3 24. Qxe3 1-0

[Event "Rheinhessen-ch M1"]
[Site "Mainz"]
[Date "1997.??.??"]
[Round "3"]
[White "Steinkohl, Thomas"]
[Black "Leusing, Andre"]
[Result "1-0"]
[WhiteElo "2300"]
[BlackElo "2018"]
[PlyCount "63"]
[EventDate "1997.03.21"]
[EventType "tourn"]
[EventRounds "9"]
[EventCountry "GER"]
[SourceTitle "EXT 2000"]
[Source "ChessBase"]
[SourceDate "1999.11.16"]
[SourceVersion "1"]
[SourceVersionDate "1999.11.16"]
[SourceQuality "1"]

1. e4 c5 2. Nf3 Nc6 3. d4 cxd4 4. Nxd4 Nf6 5. Nc3 d6 6. Bg5 e6 7. Qd2 Be7 8. 0-0-0 0-0 9. f4 a6 10. Nf3 Qa5 11. Kb1 Rd8 12. Bd3 h6 13. Bh4 Bd7 14. Rhg1 b5 15. g4 b4 16. Ne2 e5 17. Bxf6 Bxf6 18. f5 d5 19. Ng3 Nd4 20. Nxd4 exd4 21. exd5 Bg5 22. Qg2 Be3 23. Rh1 Bb5 24. d6 Rac8 25. Ne4 Bc6 26. Rhe1 Bd5 27. b3 Rxd6 28. h4 Qd8 29. g5 hxg5 30. f6 Re6 31. hxg5 Qe8 32. Rh1 1-0